UBT Library

Career Counseling applied concepts of life planning (Record no. 48368)

000 -LEADER
fixed length control field 00327nam a22001337a 4500
008 - FIXED-LENGTH DATA ELEMENTS--GENERAL INFORMATION
fixed length control field 180924b xxu||||| |||| 00| 0 eng d
020 ## - INTERNATIONAL STANDARD BOOK NUMBER
International Standard Book Number 9780534346683
041 ## - LANGUAGE CODE
Language code of text/sound track or separate title eng
080 ## - UNIVERSAL DECIMAL CLASSIFICATION NUMBER
Edition identifier 5th
Universal Decimal Classification number 370
100 ## - Rafti
Rafti 25
101 ## - Shkurtesa
Shkurtesa EDU
245 ## - TITLE STATEMENT
Title Career Counseling applied concepts of life planning
Statement of responsibility, etc Zunker,V.G
942 ## - ADDED ENTRY ELEMENTS (KOHA)
Source of classification or shelving scheme
Item type Books
Holdings
Withdrawn status Lost status Source of classification or shelving scheme Damaged status Not for loan Collection code Permanent location Current location Shelving location Date acquired Total Checkouts Full call number Barcode Date last seen Price effective from Koha item type
          Koleksioni i përgjithshem UBT - Lipjan UBT - Lipjan Koleksioni i përgjithshem 09/24/2018   370 ZUN 002-3013484 09/24/2018 09/24/2018 Books
UBT Library © 2015-2024. All rights reserved University Education for Business and Technology